|
|
|
|
| LEADER |
00953nam a2200253 a 4500 |
| 001 |
708161 |
| 008 |
101102s2000 njua 001 0 eng d |
| 010 |
|
|
|a 97015448
|
| 020 |
|
|
|a 0136494927
|
| 020 |
|
|
|a 0137005105 (case)
|
| 040 |
|
|
|a DLC
|c DLC
|d DLC
|d BD-DhAAL
|
| 082 |
0 |
0 |
|a 621.39/5
|2 21
|
| 100 |
1 |
|
|a Tocci, Ronald J.
|
| 245 |
1 |
0 |
|a Digital systems :
|b principles and applications /
|c Ronald J. Tocci, Neal S. Widmer.
|
| 250 |
|
|
|a 7th ed.
|
| 260 |
|
|
|a Upper Saddle River, N.J. :
|b Prentice Hall,
|c c2000.
|
| 300 |
|
|
|a xiv, 898 p. :
|b ill. (some col.) ;
|c 26 cm.
|
| 500 |
|
|
|a Includes indexes.
|
| 541 |
|
|
|e 00012295
|
| 650 |
|
0 |
|a Digital electronics.
|
| 700 |
1 |
|
|a Widmer, Neal S.
|
| 852 |
4 |
|
|a Ayesha Abed Library
|j General shelf.
|
| 999 |
|
|
|c 10021
|d 10021
|
| 952 |
|
|
|0 0
|1 0
|2 ddc
|4 0
|6 621_395000000000000_TOC
|7 0
|9 13037
|a BRACUL
|b BRACUL
|c GEN
|d 2010-11-02
|l 4
|m 66
|o 621.395 TOC
|p 3010012295
|r 2022-09-26
|s 2022-07-31
|t 1
|w 2010-11-02
|y BK
|x Price not available in Register
|